000 00517nam a2200193Ia 4500
003 OSt
005 20230330154233.0
008 210423s2004 xx 000 0 und d
040 _cAL
041 _aeng
082 _a658 DRUP
_223
100 _aDRUCKER (Peter F).
_980395
245 _aManagement: tasks responsibilities practice.
260 _aNew Delhi
_bAllied Publishers
_c2004
300 _axiv,839
365 _b325
_cINR
906 _aManagement: ; practice. ; responsibilities ; tasks
942 _2ddc
_cBK
999 _c155203
_d155203